Métodos cuantitativos de investigación en comunicación
Сохранить в:
| Главный автор: | |
|---|---|
| Формат: | |
| Язык: | испанский |
| Опубликовано: |
Barcelona
Bosch
2006
|
| Редактирование: | 1a. ed |
| Серии: | Colección Bosch Comunicación, 32
|
| Предметы: | |
| Метки: |
Добавить метку
Нет меток, Требуется 1-ая метка записи!
|
MARC
| LEADER | 00000cam a2200000 a 4500 | ||
|---|---|---|---|
| 001 | UCE6915 | ||
| 003 | CL-VaPUC | ||
| 008 | 150514e20060000sp |||||||||||||||||spa|d | ||
| 020 | |a 9788497902717 | ||
| 020 | |a 8497902718 | ||
| 082 | 0 | 4 | |a 001.422 |b IGA |2 21 |
| 100 | 0 | |a Igartua Perosanz, Juan José |e author |9 579616 | |
| 245 | 1 | 0 | |a Métodos cuantitativos de investigación en comunicación |
| 250 | |a 1a. ed | ||
| 300 | |a 704 p | ||
| 942 | |c BK | ||
| 945 | |d 20150514 13:01:00 |a arojas | ||
| 260 | |a Barcelona |b Bosch |c 2006 | ||
| 650 | 0 | |a Métodos de investigación |9 262618 | |
| 650 | 7 | |a METODOS CUANTITATIVOS |2 CL-VaPUC |9 579617 | |
| 650 | 7 | |a METODOS |2 CL-VaPUC |9 335948 | |
| 583 | |a last modification |c 20150522 11:16:41 |k Rodrigo Vera | ||
| 490 | 0 | |a Colección Bosch Comunicación, 32 | |
| 999 | |c 359086 |d 359084 | ||
| 952 | |0 0 |1 0 |2 ddc |3 erb |4 0 |6 001_422000000000000_IGA_2006 |7 0 |8 A |9 468109 |a BIBCUR |b BIBCUR |c PAC |i 514955K |o 001.422 IGA 2006 |p 514955K |r 2025-04-22 |w 2019-11-23 |y BK |z Catalogado en:20150514 |k PER | ||
| 952 | |0 0 |1 0 |3 erb |4 0 |6 001_422000000000000_IGA_2006 |7 0 |8 A |9 468110 |a BIBCUR |b BIBCUR |i 5149568 |o 001.422 IGA 2006 |p 5149568 |r 2025-04-22 |w 2019-11-23 |y BK |z Catalogado en:20150514 |k PER | ||
| 952 | |0 0 |1 0 |3 erb |4 0 |6 001_422000000000000_IGA_2006 |7 0 |8 A |9 468111 |a BIBCUR |b BIBCUR |i 5162793 |l 1 |o 001.422 IGA 2006 |p 5162793 |r 2025-04-22 |s 2022-03-18 |w 2019-11-23 |y BK |z Catalogado en:20150605 |k PER | ||
| 952 | |0 0 |1 0 |3 erb |4 0 |6 001_422000000000000_IGA_2006 |7 0 |8 A |9 468112 |a BIBCUR |b BIBCUR |i 5162807 |o 001.422 IGA 2006 |p 5162807 |r 2025-04-22 |w 2019-11-23 |y BK |z Catalogado en:20150605 |k PER | ||